<?xml version="1.0" encoding="UTF-8"?>
<record
    xmlns:xsi="http://www.w3.org/2001/XMLSchema-instance"
    xsi:schemaLocation="http://www.loc.gov/MARC21/slim http://www.loc.gov/standards/marcxml/schema/MARC21slim.xsd"
    xmlns="http://www.loc.gov/MARC21/slim">

  <leader>01786nam a2200157   4500</leader>
  <datafield tag="999" ind1=" " ind2=" ">
    <subfield code="c">510287</subfield>
    <subfield code="d">510287</subfield>
  </datafield>
  <controlfield tag="008">190809b           ||||| |||| 00| 0 eng d</controlfield>
  <datafield tag="100" ind1=" " ind2=" ">
    <subfield code="a">Siagian, Erwin Sondang et al</subfield>
    <subfield code="9">8689</subfield>
  </datafield>
  <datafield tag="245" ind1=" " ind2=" ">
    <subfield code="a">Public-private partnerships in solid waste management: arrangements in Indonesia</subfield>
  </datafield>
  <datafield tag="260" ind1=" " ind2=" ">
    <subfield code="c">2019</subfield>
  </datafield>
  <datafield tag="300" ind1=" " ind2=" ">
    <subfield code="a">p.56-62.</subfield>
  </datafield>
  <datafield tag="520" ind1=" " ind2=" ">
    <subfield code="a">This note addresses experience in Indonesia in the management of solid waste in which some progress has been made in the use of public-private partnerships (PPPs). The amount of waste produced, its collection and transportation to available disposal and treatment sites, and the number, type and quality of such sites raise very significant issues and concerns requiring attention by all levels of government. There are capacity constraints and challenges which need to be responded to as effectively as possible, with PPPs potentially having a positive role to play in meeting legitimate public and private interests. - Reproduced.



This note addresses experience in Indonesia in the management of solid waste in which some progress has been made in the use of public-private partnerships (PPPs). The amount of waste produced, its collection and transportation to available disposal and treatment sites, and the number, type and quality of such sites raise very significant issues and concerns requiring attention by all levels of government. There are capacity constraints and challenges which need to be responded to as effectively as possible, with PPPs potentially having a positive role to play in meeting legitimate public and private interests. - Reproduced.


</subfield>
  </datafield>
  <datafield tag="650" ind1=" " ind2=" ">
    <subfield code="a">Solid waste management </subfield>
    <subfield code="9">8035</subfield>
  </datafield>
  <datafield tag="773" ind1=" " ind2=" ">
    <subfield code="a">Asia Pacific Journal of Public Administration</subfield>
  </datafield>
  <datafield tag="906" ind1=" " ind2=" ">
    <subfield code="a">Public private partnership - Indonesia</subfield>
  </datafield>
  <datafield tag="942" ind1=" " ind2=" ">
    <subfield code="2">ddc</subfield>
    <subfield code="c">AR</subfield>
  </datafield>
  <datafield tag="952" ind1=" " ind2=" ">
    <subfield code="0">0</subfield>
    <subfield code="1">0</subfield>
    <subfield code="2">ddc</subfield>
    <subfield code="4">0</subfield>
    <subfield code="7">0</subfield>
    <subfield code="9">384226</subfield>
    <subfield code="a">IIPA</subfield>
    <subfield code="b">IIPA</subfield>
    <subfield code="d">2019-08-09</subfield>
    <subfield code="h">41(1), Mar, 2019: p.56-62.</subfield>
    <subfield code="p">AR119919</subfield>
    <subfield code="r">2019-08-09</subfield>
    <subfield code="y">AR</subfield>
  </datafield>
</record>
